[Event "Gatineau op-B"]
[Site "Gatineau CAN"]
[Date "2012.03.03"]
[Round "3"]
[White "Carroll, Billy"]
[Black "Carriere, Stephen"]
[Result "0-1"]
[WhiteElo "1217"]
[BlackElo "1228"]
[PlyCount "88"]
[GameId "2160767909575965"]
[EventDate "2012.03.10"]
[EventType "swiss"]
[EventRounds "5"]
[EventCountry "CAN"]
[SourceTitle "EXT 2022"]
[Source "ChessBase"]
[SourceDate "2021.10.06"]
[SourceVersion "1"]
[SourceVersionDate "2021.10.06"]
[SourceQuality "1"]

1. e4 c5 2. Bc4 a6 3. Nf3 e6 4. c3 b5 5. Bb3 Nc6 6. d3 Bb7 7. Be3 d6 8. Nbd2 Nf6 9. O-O Be7 10. a4 O-O 11. Nh4 Nxe4 12. Nxe4 Bxh4 13. Qg4 Ne5 14. Qe2 Be7 15. f4 Nd7 16. Qh5 d5 17. Ng5 Nf6 18. Qh3 c4 19. Bc2 h6 20. Nf3 cxd3 21. Bxd3 Qc7 22. Bd4 Bc5 23. f5 Bxd4+ 24. cxd4 Rfe8 25. axb5 a5 26. Ne5 Qb6 27. Rf4 exf5 28. Bxf5 Rxe5 29. Rh4 Rae8 30. Qc3 Rxf5 31. Rxa5 Ne4 32. Qe1 Qxd4+ 33. Kh1 Ng3+ 34. hxg3 Rxe1+ 35. Kh2 Qg1+ 36. Kh3 Bc8 37. Ra8 Rh5+ 38. Rxc8+ Kh7 39. Rxh5 Qh1+ 40. Kg4 Re4+ 41. Kf3 Qxh5+ 42. Kf2 Qf5+ 43. Kg1 Re1+ 44. Kh2 Qh5# 0-1

[Event "Gatineau op-B"]
[Site "Gatineau CAN"]
[Date "2012.03.03"]
[Round "3"]
[White "Dagenais, Benoit"]
[Black "Krolczyk, Jacob"]
[Result "1/2-1/2"]
[WhiteElo "1702"]
[BlackElo "1667"]
[PlyCount "42"]
[GameId "2160767909575966"]
[EventDate "2012.03.10"]
[EventType "swiss"]
[EventRounds "5"]
[EventCountry "CAN"]
[SourceTitle "EXT 2022"]
[Source "ChessBase"]
[SourceDate "2021.10.06"]
[SourceVersion "1"]
[SourceVersionDate "2021.10.06"]
[SourceQuality "1"]

1. e4 c5 2. Na3 d6 3. Nf3 Nf6 4. e5 dxe5 5. Nxe5 a6 6. Qf3 e6 7. d3 Be7 8. h4 Nbd7 9. Nac4 Nxe5 10. Nxe5 Qd5 11. Qxd5 exd5 12. Be2 Be6 13. g4 Nd7 14. Nxd7 Kxd7 15. f4 g6 16. Bd2 b5 17. h5 f5 18. g5 d4 19. Bf3 Rab8 20. hxg6 hxg6 21. Kf2 b4 1/2-1/2

[Event "Gatineau op-B"]
[Site "Gatineau CAN"]
[Date "2012.03.03"]
[Round "3"]
[White "Legare, Gilles"]
[Black "Simard, Paul"]
[Result "1-0"]
[WhiteElo "1063"]
[BlackElo "1165"]
[PlyCount "95"]
[GameId "2160767909575967"]
[EventDate "2012.03.10"]
[EventType "swiss"]
[EventRounds "5"]
[EventCountry "CAN"]
[SourceTitle "EXT 2022"]
[Source "ChessBase"]
[SourceDate "2021.10.06"]
[SourceVersion "1"]
[SourceVersionDate "2021.10.06"]
[SourceQuality "1"]

1. e4 e5 2. Nf3 d6 3. Bc4 Nf6 4. Nc3 g6 5. O-O Bg7 6. d3 O-O 7. Bg5 h6 8. Bxf6 Bxf6 9. Ne2 Nc6 10. c3 Na5 11. Bb5 a6 12. Ba4 b5 13. Bc2 Be6 14. b4 Nc6 15. a4 bxa4 16. Bxa4 Na7 17. Bb3 Nb5 18. Ng3 Nxc3 19. Qd2 Nb5 20. Bxe6 fxe6 21. Qxh6 Bg7 22. Qxg6 Rf6 23. Qg4 Rf4 24. Qxe6+ Kf8 25. Nh5 Rf6 26. Nxf6 Bxf6 27. Qf5 Nd4 28. Nxd4 exd4 29. h4 Ke7 30. h5 Qg8 31. h6 Qg5 32. Qh7+ Ke6 33. Qf5+ Qxf5 34. exf5+ Kxf5 35. Rae1 Rh8 36. g4+ Kf4 37. Re4+ Kg5 38. Kg2 Rxh6 39. f4+ Kxg4 40. f5+ Kg5 41. Rff4 Rh4 42. Rxh4 Kxf5 43. Rh5+ Kg6 44. Rh3 Kf5 45. Rf3+ Kg6 46. Re6 Kg5 47. Rexf6 Kg4 48. Rf8 1-0

[Event "Gatineau op-B"]
[Site "Gatineau CAN"]
[Date "2012.03.03"]
[Round "3"]
[White "Raymond, Robert"]
[Black "Eyre, Keven"]
[Result "0-1"]
[WhiteElo "1451"]
[BlackElo "1492"]
[PlyCount "74"]
[GameId "2160767909575968"]
[EventDate "2012.03.10"]
[EventType "swiss"]
[EventRounds "5"]
[EventCountry "CAN"]
[SourceTitle "EXT 2022"]
[Source "ChessBase"]
[SourceDate "2021.10.06"]
[SourceVersion "1"]
[SourceVersionDate "2021.10.06"]
[SourceQuality "1"]

1. e4 e5 2. Nf3 Nc6 3. Bb5 a6 4. Ba4 Nf6 5. O-O b5 6. Bb3 Be7 7. c3 O-O 8. d4 d6 9. d5 Na5 10. Bc2 Bb7 11. Bd3 c6 12. b4 Nc4 13. Nbd2 Nxd2 14. Bxd2 cxd5 15. exd5 e4 16. Bxe4 Nxe4 17. Qb3 Nxd2 18. Nxd2 Re8 19. Nf3 Bf6 20. Rad1 Rc8 21. Rd3 Qc7 22. Qb1 Qc4 23. Rfd1 Qg4 24. h3 Qg6 25. Qc1 Re2 26. a3 Rce8 27. Kf1 Bc8 28. Ng1 R2e7 29. g4 Bg5 30. f4 Qf6 31. Rf3 Bh4 32. f5 Qe5 33. Kg2 Bg5 34. Qa1 Qe4 35. Kf2 Bh4+ 36. Kg2 Qc2+ 37. Kh1 Re2 0-1

[Event "Gatineau op-B"]
[Site "Gatineau CAN"]
[Date "2012.03.03"]
[Round "3"]
[White "Scantland, Patrick"]
[Black "Dunne, Francesco"]
[Result "1-0"]
[WhiteElo "1713"]
[BlackElo "1879"]
[PlyCount "47"]
[GameId "2160767909575969"]
[EventDate "2012.03.10"]
[EventType "swiss"]
[EventRounds "5"]
[EventCountry "CAN"]
[SourceTitle "EXT 2022"]
[Source "ChessBase"]
[SourceDate "2021.10.06"]
[SourceVersion "1"]
[SourceVersionDate "2021.10.06"]
[SourceQuality "1"]

1. d4 Nf6 2. c4 e6 3. Nf3 c5 4. e3 cxd4 5. exd4 d5 6. c5 Nbd7 7. Nc3 Be7 8. Bd3 O-O 9. O-O a6 10. a4 Qc7 11. b4 b6 12. Bb2 bxc5 13. dxc5 a5 14. Nb5 Qb7 15. Qc2 Nb8 16. Ne5 Nc6 17. Nxc6 Qxc6 18. Rab1 axb4 19. Bxf6 Bxf6 20. Bxh7+ Kh8 21. Rxb4 g6 22. Bxg6 fxg6 23. Qxg6 e5 24. Rh4+ 1-0

[Event "Gatineau op-B"]
[Site "Gatineau CAN"]
[Date "2012.03.03"]
[Round "3"]
[White "Tomalty, Alan"]
[Black "Sun, Mike"]
[Result "0-1"]
[WhiteElo "1682"]
[BlackElo "1648"]
[PlyCount "94"]
[GameId "2160767909575970"]
[EventDate "2012.03.10"]
[EventType "swiss"]
[EventRounds "5"]
[EventCountry "CAN"]
[SourceTitle "EXT 2022"]
[Source "ChessBase"]
[SourceDate "2021.10.06"]
[SourceVersion "1"]
[SourceVersionDate "2021.10.06"]
[SourceQuality "1"]

1. d4 g6 2. Nf3 Bg7 3. Nc3 c5 4. d5 d6 5. e4 Bxc3+ 6. bxc3 Qa5 7. Bd2 Nf6 8. c4 Qa4 9. Bd3 Bg4 10. h3 Bxf3 11. Qxf3 Nbd7 12. O-O O-O 13. Bh6 Rfe8 14. Qe2 a6 15. f4 Nh5 16. Rf3 f6 17. g4 Ng7 18. h4 Rab8 19. Qd2 b5 20. cxb5 Qd4+ 21. Kg2 Qxa1 22. bxa6 Qxa2 23. Be2 Rb2 24. Rc3 Nb6 25. f5 Na4 26. Bc4 Qa1 27. Rb3 Rxb3 28. cxb3 Nb6 29. Bb5 Ra8 30. Qd3 Qd4 31. Qe2 Qc3 32. Bc6 Ra7 33. Qb5 Qb4 34. Qd3 c4 35. bxc4 Qxc4 36. Qxc4 Nxc4 37. Bb7 Ne8 38. Bc6 Nc7 39. g5 Ne5 40. Bb7 Nxa6 41. Bc8 Nc5 42. gxf6 exf6 43. fxg6 hxg6 44. Be6+ Nxe6 45. dxe6 Re7 46. Kg3 Rxe6 47. Kf4 Nf7 0-1

[Event "Gatineau op-B"]
[Site "Gatineau CAN"]
[Date "2012.03.04"]
[Round "4"]
[White "Dunne, Francesco"]
[Black "Lukezich, John"]
[Result "0-1"]
[WhiteElo "1879"]
[BlackElo "1449"]
[PlyCount "64"]
[GameId "2160767909575971"]
[EventDate "2012.03.10"]
[EventType "swiss"]
[EventRounds "5"]
[EventCountry "CAN"]
[SourceTitle "EXT 2022"]
[Source "ChessBase"]
[SourceDate "2021.10.06"]
[SourceVersion "1"]
[SourceVersionDate "2021.10.06"]
[SourceQuality "1"]

1. e4 e5 2. Nf3 Nc6 3. Bb5 a6 4. Ba4 Nf6 5. O-O d6 6. Qe2 b5 7. Bb3 Bg4 8. c3 Be7 9. a4 b4 10. Qc4 Qd7 11. Qxf7+ Kd8 12. Ng5 Qe8 13. Qxg7 Kc8 14. Bf7 Qd8 15. Ne6 Bxe6 16. Bxe6+ Kb7 17. Bd5 Nxd5 18. exd5 Nb8 19. Qg4 Nd7 20. Qxb4+ Kc8 21. a5 Nc5 22. Qg4+ Kb8 23. b4 Nd3 24. g3 Rg8 25. Qe4 Nf4 26. c4 Qd7 27. d3 Nh3+ 28. Kg2 Bg5 29. Be3 Bf4 30. Bxf4 Nxf4+ 31. Kh1 Qh3 32. gxf4 Qxf1# 0-1

[Event "Gatineau op-B"]
[Site "Gatineau CAN"]
[Date "2012.03.04"]
[Round "4"]
[White "Krolczyk, Jacob"]
[Black "Thibault, Mario"]
[Result "1-0"]
[WhiteElo "1667"]
[BlackElo "1776"]
[PlyCount "63"]
[GameId "2160767909575972"]
[EventDate "2012.03.10"]
[EventType "swiss"]
[EventRounds "5"]
[EventCountry "CAN"]
[SourceTitle "EXT 2022"]
[Source "ChessBase"]
[SourceDate "2021.10.06"]
[SourceVersion "1"]
[SourceVersionDate "2021.10.06"]
[SourceQuality "1"]

1. e4 c5 2. Nf3 g6 3. d3 Bg7 4. g3 Nc6 5. Bg2 Nf6 6. O-O O-O 7. Re1 e5 8. Nbd2 d6 9. a4 Rb8 10. Nf1 a6 11. Bg5 b5 12. axb5 axb5 13. Ne3 Be6 14. b3 Ra8 15. Qd2 Qc7 16. h4 Ra7 17. Bxf6 Bxf6 18. Nd5 Bxd5 19. exd5 Rxa1 20. Rxa1 e4 21. dxe4 Bxa1 22. dxc6 b4 23. Qd5 Ra8 24. Bh3 Bg7 25. Ng5 Rf8 26. Nxf7 Rxf7 27. Be6 Be5 28. Bxf7+ Kg7 29. Be8 Kf8 30. Qe6 Qe7 31. Qxe7+ Kxe7 32. c7 1-0

[Event "Gatineau op-B"]
[Site "Gatineau CAN"]
[Date "2012.03.04"]
[Round "4"]
[White "Sun, Mike"]
[Black "Scantland, Patrick"]
[Result "0-1"]
[WhiteElo "1648"]
[BlackElo "1713"]
[PlyCount "192"]
[GameId "2160767909575973"]
[EventDate "2012.03.10"]
[EventType "swiss"]
[EventRounds "5"]
[EventCountry "CAN"]
[SourceTitle "EXT 2022"]
[Source "ChessBase"]
[SourceDate "2021.10.06"]
[SourceVersion "1"]
[SourceVersionDate "2021.10.06"]
[SourceQuality "1"]

1. e4 c5 2. Nc3 d6 3. Bc4 e6 4. f4 Nc6 5. Nf3 g6 6. O-O Bg7 7. d3 Nge7 8. Qe1 O-O 9. Qh4 Nd4 10. Bb3 Nec6 11. Qh3 Nxf3+ 12. Qxf3 Nd4 13. Qd1 b5 14. Ne2 Rb8 15. c3 Nxe2+ 16. Qxe2 a5 17. Bd2 Ba6 18. Rab1 Qd7 19. Bc2 Rbd8 20. Be3 Qc6 21. Qf2 Rc8 22. f5 exf5 23. exf5 Bb7 24. Bd1 Qd7 25. f6 Bh8 26. Qg3 Bd5 27. Bg4 Be6 28. Bxe6 fxe6 29. Bg5 Rf7 30. Rf3 e5 31. Rbf1 Qe6 32. Qh3 Qxh3 33. Rxh3 Re8 34. Re3 Re6 35. Ref3 Kf8 36. R1f2 Ke8 37. Kf1 Kd7 38. b3 Re8 39. Ke2 e4 40. Re3 exd3+ 41. Kxd3 Rxe3+ 42. Kxe3 Ke6 43. Ke4 d5+ 44. Ke3 Bxf6 45. Bxf6 Rxf6 46. Rd2 Ke5 47. Kd3 Rf4 48. Re2+ Re4 49. Rf2 c4+ 50. Kd2 d4 51. cxd4+ Rxd4+ 52. Kc2 cxb3+ 53. axb3 a4 54. bxa4 Rxa4 55. Kb2 Rh4 56. g3 Re4 57. Kc3 h5 58. Kd3 b4 59. Rb2 Rd4+ 60. Ke2 Ke4 61. Rb3 Kd5 62. Rb1 g5 63. Rb2 h4 64. Rb3 hxg3 65. Rxg3 g4 66. h3 gxh3 67. Rxh3 Kc4 68. Rh8 Kb3 69. Rc8 Kb2 70. Rb8 b3 71. Ke3 Rc4 72. Kd3 Rc3+ 73. Kd2 Rc4 74. Ra8 Kb1 75. Ra3 b2 76. Ra5 Rc2+ 77. Kd1 Rc4 78. Kd2 Rd4+ 79. Kc3 Rh4 80. Kd2 Rh2+ 81. Kc3 Kc1 82. Rf5 Rc2+ 83. Kd3 b1=Q 84. Rf1+ Kb2 85. Rxb1+ Kxb1 86. Kd4 Kb2 87. Kd3 Rc3+ 88. Kd4 Kb3 89. Kd5 Kb4 90. Ke5 Kc5 91. Ke4 Rc4+ 92. Ke5 Rd4 93. Ke6 Rd5 94. Kf6 Kd6 95. Kf7 Rf5+ 96. Ke8 Rf1 0-1

[Event "Gatineau op-B"]
[Site "Gatineau CAN"]
[Date "2012.03.04"]
[Round "4"]
[White "Villeneuve, Luc"]
[Black "Dagenais, Benoit"]
[Result "1/2-1/2"]
[WhiteElo "1601"]
[BlackElo "1702"]
[PlyCount "85"]
[GameId "2160767909575975"]
[EventDate "2012.03.10"]
[EventType "swiss"]
[EventRounds "5"]
[EventCountry "CAN"]
[SourceTitle "EXT 2022"]
[Source "ChessBase"]
[SourceDate "2021.10.06"]
[SourceVersion "1"]
[SourceVersionDate "2021.10.06"]
[SourceQuality "1"]

1. c4 Nf6 2. Nc3 d5 3. cxd5 Nxd5 4. g3 Nxc3 5. bxc3 Qd5 6. Nf3 g5 7. Bg2 h5 8. Qb3 Be6 9. Qxd5 Bxd5 10. O-O g4 11. Nh4 Bxg2 12. Nxg2 Nc6 13. Rb1 O-O-O 14. d4 e5 15. Bg5 Rd6 16. e3 f6 17. Bh4 Bh6 18. Rfd1 Rhd8 19. Kf1 b6 20. Ke2 R8d7 21. d5 Rxd5 22. Bxf6 Rxd1 23. Rxd1 Rxd1 24. Kxd1 Kd7 25. Ke2 Ke6 26. Bh4 Kd5 27. Kd3 b5 28. e4+ Ke6 29. Ne3 Bxe3 30. Kxe3 b4 31. cxb4 Nxb4 32. Bd8 c5 33. a4 Nc2+ 34. Kd3 Nd4 35. Kc4 Kd6 36. Ba5 Nf3 37. Kb5 Nd4+ 38. Ka6 Nc6 39. Bc3 Kc7 40. Kb5 Kd6 41. Ka6 Kc7 42. Kb5 Kd6 43. Ka6 1/2-1/2

[Event "Gatineau op-B"]
[Site "Gatineau CAN"]
[Date "2012.03.04"]
[Round "5"]
[White "Lemieux, Denis"]
[Black "Villeneuve, Luc"]
[Result "1/2-1/2"]
[WhiteElo "1382"]
[BlackElo "1601"]
[PlyCount "66"]
[GameId "2160767909575976"]
[EventDate "2012.03.10"]
[EventType "swiss"]
[EventRounds "5"]
[EventCountry "CAN"]
[SourceTitle "EXT 2022"]
[Source "ChessBase"]
[SourceDate "2021.10.06"]
[SourceVersion "1"]
[SourceVersionDate "2021.10.06"]
[SourceQuality "1"]

1. d4 Nf6 2. c4 g6 3. Nc3 Bg7 4. e4 d6 5. Nf3 O-O 6. Be2 c6 7. O-O Bg4 8. h3 Bxf3 9. Bxf3 Nbd7 10. Be2 e5 11. d5 c5 12. f4 Ne8 13. f5 a6 14. Be3 g5 15. Qd2 f6 16. Bh5 Bh8 17. Bxe8 Qxe8 18. Qe2 h6 19. h4 Bg7 20. h5 Kh7 21. g4 Rh8 22. Rfb1 Rb8 23. a4 Qc8 24. b3 Bf8 25. Bd2 Be7 26. a5 Qc7 27. Qd3 Rhc8 28. Kf2 Kg7 29. Ke3 Kf7 30. Be1 Ke8 31. Ke2 Kf7 32. Ke3 Ke8 33. Ke2 Kf8 1/2-1/2

[Event "Gatineau op-B"]
[Site "Gatineau CAN"]
[Date "2012.03.04"]
[Round "5"]
[White "Scantland, Patrick"]
[Black "Krolczyk, Jacob"]
[Result "1-0"]
[WhiteElo "1713"]
[BlackElo "1667"]
[PlyCount "75"]
[GameId "2160767909575977"]
[EventDate "2012.03.10"]
[EventType "swiss"]
[EventRounds "5"]
[EventCountry "CAN"]
[SourceTitle "EXT 2022"]
[Source "ChessBase"]
[SourceDate "2021.10.06"]
[SourceVersion "1"]
[SourceVersionDate "2021.10.06"]
[SourceQuality "1"]

1. d4 d5 2. c4 c6 3. Nf3 Nf6 4. Nc3 g6 5. Bf4 Bg7 6. e3 O-O 7. Bd3 Bg4 8. h3 Bxf3 9. Qxf3 e6 10. cxd5 exd5 11. O-O Nbd7 12. b4 a6 13. a4 b5 14. Ra2 Qe7 15. Rb1 Nh5 16. Bh2 f5 17. axb5 axb5 18. Rxa8 Rxa8 19. Nxd5 Qf8 20. Nc7 Ra3 21. Qxc6 Rxd3 22. Qxd7 Qxb4 23. Qxb5 Qxb5 24. Nxb5 g5 25. Nd6 f4 26. Nf5 Bf8 27. exf4 gxf4 28. Kf1 Kf7 29. Ke2 Ra3 30. Rb5 Nf6 31. Bxf4 Ne4 32. Rb7+ Kf6 33. g4 Nc3+ 34. Kf1 Ra1+ 35. Kg2 Ne2 36. Be5+ Kg5 37. Rf7 Rg1+ 38. Kf3 1-0

[Event "Grand Pacific op"]
[Site "Victoria CAN"]
[Date "2012.04.06"]
[Round "1"]
[White "Brodie, Hugh"]
[Black "Davies, Lucas"]
[Result "0-1"]
[WhiteElo "1958"]
[BlackElo "2171"]
[PlyCount "92"]
[GameId "2160767909509851"]
[EventDate "2012.04.06"]
[EventType "swiss"]
[EventRounds "6"]
[EventCountry "CAN"]
[SourceTitle "CBM 147 Extra"]
[Source "ChessBase"]
[SourceDate "2012.04.24"]
[SourceVersion "1"]
[SourceVersionDate "2012.04.24"]
[SourceQuality "1"]

1. e4 c6 2. d4 d5 3. Nd2 dxe4 4. Nxe4 Nf6 5. Bd3 Qxd4 6. Nf3 Qd8 7. Qe2 Nxe4 8. Bxe4 g6 9. O-O Bg7 10. c3 O-O 11. Bf4 Bg4 12. Qe3 Nd7 13. h3 Be6 14. Rfd1 Qb6 15. Qc1 Nf6 16. Bd3 Rad8 17. Be3 Qc7 18. Ng5 Bd7 19. c4 b6 20. Qc2 c5 21. Rac1 Bc6 22. b3 Qb7 23. f3 h6 24. Ne4 Nxe4 25. Bxe4 Bxe4 26. fxe4 Bd4 27. Rxd4 Rxd4 28. Bxd4 cxd4 29. e5 Kg7 30. Re1 Qc6 31. Qd3 Rd8 32. Re4 Qc5 33. Kf2 f5 34. exf6+ exf6 35. Kg1 f5 36. Re2 Rd7 37. Kf1 Qd6 38. Re8 Qf4+ 39. Kg1 Kf7 40. Qe2 Qd6 41. Rh8 d3 42. Qe8+ Kf6 43. Rf8+ Kg5 44. Qe3+ Qf4 45. h4+ Kg4 46. Qh3+ Kh5 0-1

[Event "Grand Pacific op"]
[Site "Victoria CAN"]
[Date "2012.04.06"]
[Round "1"]
[White "Herdin, Matthew"]
[Black "Wu, Howard"]
[Result "0-1"]
[WhiteElo "1825"]
[BlackElo "2150"]
[PlyCount "64"]
[GameId "2160767909509853"]
[EventDate "2012.04.06"]
[EventType "swiss"]
[EventRounds "6"]
[EventCountry "CAN"]

1. e4 c5 2. Nc3 Nc6 3. g3 g6 4. Bg2 Bg7 5. Nge2 d6 6. O-O e6 7. Nf4 Nge7 8. Nce2 O-O 9. c3 b6 10. d4 cxd4 11. Nxd4 Ba6 12. Re1 Nxd4 13. cxd4 e5 14. dxe5 dxe5 15. Nd5 Nxd5 16. exd5 Qd6 17. Qb3 Rac8 18. Bd2 Bc4 19. Qb4 Qd7 20. Be3 Rfd8 21. Red1 Bf8 22. Qe1 Qb5 23. Bg5 Rd6 24. Qxe5 Re8 25. Qf4 Bxd5 26. Rd2 Bxg2 27. Rxd6 Bxd6 28. Qxd6 Bh3 29. Qd2 Qc6 30. f3 Qxf3 31. Qf2 Qd5 32. Be3 Rxe3 0-1

[Event "Grand Pacific op"]
[Site "Victoria CAN"]
[Date "2012.04.06"]
[Round "1"]
[White "Lai, Peter"]
[Black "Griffin, Simon"]
[Result "1-0"]
[WhiteElo "1940"]
[BlackElo "1422"]
[PlyCount "77"]
[GameId "2160767909509854"]
[EventDate "2012.04.06"]
[EventType "swiss"]
[EventRounds "6"]
[EventCountry "CAN"]

1. d4 d5 2. c4 e6 3. Nc3 Nf6 4. Bg5 Be7 5. e3 O-O 6. Rc1 Nc6 7. Nf3 b6 8. cxd5 exd5 9. Bd3 Bg4 10. O-O Re8 11. h3 Bh5 12. Bb5 Qd6 13. Bf4 Qe6 14. Nb1 Bxf3 15. Qxf3 Nxd4 16. exd4 Rf8 17. Rfe1 Ne4 18. Bc6 Rac8 19. Bxd5 Qxd5 20. Qxe4 Qxe4 21. Rxe4 Bd6 22. Bxd6 cxd6 23. Rxc8 Rxc8 24. Nc3 Kf8 25. d5 Rc5 26. Kf1 a5 27. a4 g6 28. Ke2 Rc7 29. Kd2 Rd7 30. Nb5 Kg7 31. Kd3 Kf6 32. Kd4 h5 33. g3 g5 34. Nc3 Re7 35. Rxe7 Kxe7 36. Ke4 Kf6 37. f4 h4 38. fxg5+ Kxg5 39. g4 1-0

[Event "Grand Pacific op"]
[Site "Victoria CAN"]
[Date "2012.04.06"]
[Round "1"]
[White "Ma, Lan"]
[Black "Kenney, Jason"]
[Result "0-1"]
[WhiteElo "1831"]
[BlackElo "2198"]
[PlyCount "44"]
[GameId "2160767909509855"]
[EventDate "2012.04.06"]
[EventType "swiss"]
[EventRounds "6"]
[EventCountry "CAN"]

1. d4 Nf6 2. c4 c5 3. d5 b5 4. cxb5 a6 5. Qc2 d6 6. e4 g6 7. Nc3 Bg7 8. bxa6 Bxa6 9. Qa4+ Nfd7 10. Bb5 O-O 11. Nf3 Nb6 12. Qb3 Bxb5 13. Qxb5 Qc7 14. h4 Na6 15. a3 c4 16. Be3 Rfb8 17. Nd2 Nd7 18. Qxc4 Rxb2 19. Qxc7 Nxc7 20. Rc1 Nc5 21. Bxc5 dxc5 22. O-O Rxd2 0-1

[Event "Grand Pacific op"]
[Site "Victoria CAN"]
[Date "2012.04.06"]
[Round "1"]
[White "Maisuradze, Nino"]
[Black "Leblanc, Paul"]
[Result "1-0"]
[WhiteElo "2320"]
[BlackElo "1942"]
[PlyCount "73"]
[GameId "2160767909509856"]
[EventDate "2012.04.06"]
[EventType "swiss"]
[EventRounds "6"]
[EventCountry "CAN"]
[SourceTitle "CBM 147 Extra"]
[Source "ChessBase"]
[SourceDate "2012.04.24"]
[SourceVersion "1"]
[SourceVersionDate "2012.04.24"]
[SourceQuality "1"]

1. d4 d5 2. c4 c6 3. cxd5 cxd5 4. Nc3 Nc6 5. Nf3 Nf6 6. Bf4 a6 7. Rc1 Bf5 8. Ne5 Rc8 9. e3 e6 10. Qb3 Na5 11. Qa4+ b5 12. Bxb5+ axb5 13. Qxb5+ Ke7 14. O-O Nh5 15. b4 f6 16. bxa5 fxe5 17. Bg5+ Nf6 18. dxe5 Kf7 19. e4 dxe4 20. exf6 gxf6 21. Bf4 Ba3 22. Rcd1 Qe8 23. Qb7+ Kg6 24. Nb5 e5 25. Nxa3 exf4 26. Rfe1 Rb8 27. Qc7 Qa4 28. Nb1 e3 29. Nc3 exf2+ 30. Kxf2 Qc2+ 31. Re2 Rb2 32. Rxc2 Rxc2+ 33. Kg1 Rc8 34. Qxf4 R8xc3 35. Rf1 Rc5 36. Qg3+ Kf7 37. Rxf5 1-0

[Event "Grand Pacific op"]
[Site "Victoria CAN"]
[Date "2012.04.06"]
[Round "1"]
[White "Moffat, Andrei"]
[Black "Hui, Jeremy"]
[Result "1-0"]
[WhiteElo "2172"]
[BlackElo "1826"]
[PlyCount "55"]
[GameId "2160767909509857"]
[EventDate "2012.04.06"]
[EventType "swiss"]
[EventRounds "6"]
[EventCountry "CAN"]

1. e4 e6 2. d4 d5 3. Nc3 Bb4 4. a3 Bxc3+ 5. bxc3 dxe4 6. Qg4 Nf6 7. Qxg7 Rg8 8. Qh6 Rg6 9. Qd2 Nc6 10. Ne2 e5 11. dxe5 Qxd2+ 12. Bxd2 Nxe5 13. Bf4 Nc6 14. Ng3 Nd5 15. Bd2 f5 16. Be2 Ke7 17. c4 Nf6 18. O-O-O Be6 19. Bf4 Ng4 20. Rhf1 Nge5 21. h4 Nf7 22. f3 e3 23. Bd3 Nd4 24. Rfe1 e2 25. Nxe2 Nc6 26. Ng3 Kf6 27. Nh5+ Ke7 28. Bxf5 1-0

[Event "Grand Pacific op"]
[Site "Victoria CAN"]
[Date "2012.04.06"]
[Round "1"]
[White "Nakamura, Hikaru"]
[Black "Han, Yiming"]
[Result "1-0"]
[WhiteElo "2731"]
[BlackElo "1926"]
[PlyCount "27"]
[GameId "2160767909509858"]
[EventDate "2012.04.06"]
[EventType "swiss"]
[EventRounds "6"]
[EventCountry "CAN"]

1. e4 e5 2. f4 d6 3. Bc4 Nf6 4. d3 Nc6 5. Nf3 a6 6. Ng5 d5 7. exd5 Nxd5 8. O-O Bc5+ 9. Kh1 O-O 10. Nc3 Nf6 11. Nxf7 Rxf7 12. Bxf7+ Kxf7 13. fxe5 Nxe5 14. Qh5+ 1-0

[Event "Grand Pacific op"]
[Site "Victoria CAN"]
[Date "2012.04.06"]
[Round "1"]
[White "Sohal, Tanraj"]
[Black "Pitre, Hanniegn"]
[Result "1-0"]
[WhiteElo "2096"]
[BlackElo "1947"]
[PlyCount "63"]
[GameId "2160767909509859"]
[EventDate "2012.04.06"]
[EventType "swiss"]
[EventRounds "6"]
[EventCountry "CAN"]
[SourceTitle "CBM 147 Extra"]
[Source "ChessBase"]
[SourceDate "2012.04.24"]
[SourceVersion "1"]
[SourceVersionDate "2012.04.24"]
[SourceQuality "1"]

1. d4 Nf6 2. c4 g6 3. Nc3 d5 4. Bg5 Ne4 5. Bh4 Nxc3 6. bxc3 c6 7. e3 Qa5 8. Qb3 Nd7 9. Nf3 Bg7 10. Be2 e5 11. cxd5 exd4 12. Nxd4 O-O 13. dxc6 bxc6 14. O-O c5 15. Nc6 Qxc3 16. Qxc3 Bxc3 17. Rac1 Bb2 18. Rb1 Bf6 19. Bxf6 Nxf6 20. Bf3 Ba6 21. Rfc1 Bd3 22. Rb2 c4 23. Ne7+ Kg7 24. Bxa8 Rxa8 25. Nc6 a5 26. Ne5 Ra7 27. Nxd3 cxd3 28. Rd2 Rd7 29. Rcd1 Ne4 30. Rxd3 Rc7 31. f3 Nc3 32. R1d2 1-0

[Event "Grand Pacific op"]
[Site "Victoria CAN"]
[Date "2012.04.07"]
[Round "2"]
[White "Aquino, Manfrei"]
[Black "Wu, Ruining (Ray)"]
[Result "0-1"]
[WhiteElo "1873"]
[BlackElo "1668"]
[PlyCount "86"]
[GameId "2160767909509860"]
[EventDate "2012.04.06"]
[EventType "swiss"]
[EventRounds "6"]
[EventCountry "CAN"]

1. d4 Nf6 2. c4 c5 3. d5 b5 4. a4 bxc4 5. Nc3 d6 6. e4 Ba6 7. Nf3 g6 8. a5 Nbd7 9. Qa4 Rb8 10. Qc6 Qc8 11. Qxc8+ Rxc8 12. Ra4 Bg7 13. Bxc4 Bxc4 14. Rxc4 Ng4 15. O-O Nge5 16. Nxe5 Nxe5 17. Ra4 Nd3 18. Rd1 Nxc1 19. Rxc1 Rb8 20. Ra2 Kd7 21. Kf1 Rb4 22. f3 Rhb8 23. Rc2 Be5 24. g3 Rf8 25. Ke2 h5 26. Nd1 Rfb8 27. Nc3 Kc7 28. Ke3 Kb7 29. Kd2 Ka6 30. Kc1 Bxc3 31. Rxc3 Rb3 32. Kc2 Rxc3+ 33. Kxc3 Rb5 34. Kc4 Rxa5 35. Rxa5+ Kxa5 36. f4 Kb6 37. h3 Ka5 38. g4 hxg4 39. hxg4 f6 40. b3 Kb6 41. g5 fxg5 42. fxg5 Ka5 43. Kc3 Kb5 0-1

[Event "Grand Pacific op"]
[Site "Victoria CAN"]
[Date "2012.04.07"]
[Round "2"]
[White "Chan, James"]
[Black "Sohal, Tanraj"]
[Result "1/2-1/2"]
[WhiteElo "2012"]
[BlackElo "2096"]
[PlyCount "49"]
[GameId "2160767909509861"]
[EventDate "2012.04.06"]
[EventType "swiss"]
[EventRounds "6"]
[EventCountry "CAN"]
[SourceTitle "CBM 147 Extra"]
[Source "ChessBase"]
[SourceDate "2012.04.24"]
[SourceVersion "1"]
[SourceVersionDate "2012.04.24"]
[SourceQuality "1"]

1. d4 d5 2. c4 e6 3. Nf3 c6 4. g3 Nf6 5. Bg2 Be7 6. O-O O-O 7. Nc3 Nbd7 8. Qc2 Re8 9. b3 a6 10. a4 Bd6 11. Bb2 dxc4 12. bxc4 e5 13. e3 exd4 14. exd4 Nf8 15. Rfe1 Be6 16. Bf1 Qa5 17. c5 Be7 18. Ne2 Nd5 19. Ne5 Qc7 20. a5 Ng6 21. Nc4 Nb4 22. Qc3 Bxc4 23. Qxc4 Nd5 24. Nc3 Nxc3 25. Bxc3 1/2-1/2